Générique La maison de Mickey Mousse - Statistiques

Statistiques générales
  • Ce quiz a été pris 170 fois
  • Le résultat moyen est 47 sur 64
Statistiques - réponses
Répondre % Correct
Mickey
99%
Mickey
99%
Mickey
99%
Mickey
99%
Mickey
99%
Mickey
99%
Mickey
99%
Mickey
99%
Mickey
99%
Mickey
99%
Mickey
99%
l'
98%
l'
98%
l'
98%
maison
94%
Maison
94%
maison
94%
Maison
94%
maison
94%
Maison
94%
a
93%
a
93%
a
93%
de
93%
de
93%
de
93%
de
93%
de
93%
de
93%
La
80%
La
80%
La
80%
C'
76%
c'
76%
C'
76%
c'
76%
Pluto
74%
Dingo
73%
est
72%
est
72%
est
72%
Donald
71%
Daisy
70%
Minnie
69%
magique
52%
magique
52%
Qui
52%
Qui
52%
Qui
52%
Avec
51%
fabriquée ?
46%
fabriquée ?
46%
fabriquée ?
46%
fantastique
46%
(bienvenue)
44%
(salut)
40%
Mouse
35%
(ici)
28%
magnifique
28%
Miska
28%
moska
27%
(oui)
23%
(présent)
7%
(woof-woof)
7%
Aucun quiz correspondant
Distribution des résultats
% des personnes avec chaque résultat
Percentile par nombre de réponses
Votre historique - résultats
Vous n’avez pas pris ce quiz